| 000 | 00646nam a2200193 4500 | ||
|---|---|---|---|
| 001 | 145446 | ||
| 003 | ES-MaACL | ||
| 005 | 20250808030139.0 | ||
| 007 | t| | ||
| 008 | 070214s1966 sp r ||||1| spa d | ||
| 100 | 1 |
_aSpengler, Oswald. _9107694 |
|
| 245 | 1 | 3 |
_aLa decadencia de occidente _b: bosquejo de una morfología de la historia universal / _cOswald Spengler ; traducido del alemán por Manuel G. Morente. |
| 250 | _a11ª. ed. | ||
| 260 |
_aMadrid : _bEspasa Calpe, _c1966. |
||
| 300 |
_a2 v. ; _c23 cm. |
||
| 700 | 1 |
_aGarcía Morente, Manuel, _d1886-1942 _955002 |
|
| 852 |
_aES-MaACL _jC-33583-4 _bR.64531 |
||
| 999 |
_c145446 _d145446 |
||